[Event "CRO-chT3W"]
[Site "Croatia"]
[Date "2016.04.10"]
[Round "6.2"]
[White "Volejnik, Robertino"]
[Black "Franciskovic, Vinko"]
[Result "1/2-1/2"]
[WhiteElo "1825"]
[BlackElo "2081"]
[PlyCount "59"]
[EventDate "2016.03.05"]
[EventType "team-tourn"]
[EventRounds "9"]
[EventCountry "CRO"]
[SourceTitle "CBM 171 Extra"]
[Source "ChessBase"]
[SourceDate "2016.04.26"]
[SourceVersion "1"]
[SourceVersionDate "2016.04.26"]
[SourceQuality "1"]
[WhiteTeam "Vodnjan"]
[BlackTeam "Rijeka Rijeka II"]
[WhiteTeamCountry "CRO"]
[BlackTeamCountry "CRO"]

1. e4 e5 2. Nf3 Nc6 3. d4 exd4 4. Bc4 Nf6 5. e5 d5 6. Bb5 Ne4 7. Nxd4 Bc5 8. 0-0 Bd7 9. Bxc6 bxc6 10. f3 Ng5 11. f4 Ne4 12. Be3 Qe7 13. Nc3 Nxc3 14. bxc3 Bb6 15. a4 0-0 16. a5 Bc5 17. Qd2 f6 18. Nb3 Bxe3+ 19. Qxe3 Rfe8 20. Rae1 Bf5 21. Qf2 Be4 22. Nd4 c5 23. Nb3 c4 24. Nd4 c5 25. Nf3 f5 26. Ng5 Qc7 27. Ra1 Rad8 28. Nf3 Rb8 29. Ng5 Rbd8 30. Nf3 1/2-1/2

[Event "CRO-chT3W"]
[Site "Croatia"]
[Date "2016.04.10"]
[Round "5.3"]
[White "Volejnik, Robertino"]
[Black "Trtanj, Zoran"]
[Result "1/2-1/2"]
[WhiteElo "1825"]
[BlackElo "1935"]
[PlyCount "88"]
[EventDate "2016.03.05"]
[EventType "team-tourn"]
[EventRounds "9"]
[EventCountry "CRO"]
[SourceTitle "CBM 171 Extra"]
[Source "ChessBase"]
[SourceDate "2016.04.26"]
[SourceVersion "1"]
[SourceVersionDate "2016.04.26"]
[SourceQuality "1"]
[WhiteTeam "Vodnjan"]
[BlackTeam "Rijeka Maestral"]
[WhiteTeamCountry "CRO"]
[BlackTeamCountry "CRO"]

1. e4 c6 2. d4 d5 3. exd5 cxd5 4. Bd3 Nc6 5. c3 Nf6 6. Bf4 Bg4 7. Qb3 Qd7 8. Nd2 e6 9. Ngf3 Bxf3 10. Nxf3 Nh5 11. Bg3 Nxg3 12. hxg3 h6 13. 0-0 Bd6 14. Rae1 0-0 15. Bb1 g6 16. Qc2 b5 17. g4 b4 18. g3 Rfc8 19. Qd3 Bf8 20. Kg2 Bg7 21. Rh1 bxc3 22. bxc3 e5 23. dxe5 Qxg4 24. Qxd5 Ne7 25. Qd4 Qe6 26. Qd6 Rxc3 27. Qxe6 fxe6 28. Rd1 Rb8 29. Rd7 Nd5 30. Rxa7 Rb2 31. Ra8+ Kf7 32. Ra7+ Kg8 33. Bxg6 Ne3+ 34. Kh3 Rxf2 35. Ra8+ Bf8 36. Nh2 Rc5 37. Ng4 Nxg4 38. Kxg4 Rxe5 39. Rxh6 Kg7 40. Rh5 Re3 41. Bb1 Bd6 42. Rh7+ Kf6 43. Rh6+ Ke5 44. Rh5+ Kf6 1/2-1/2